000 01158nam a22003377a 4500
001 BR0808903
003 BR-BrBNA
005 20230928102759.0
007 ta
008 230509b bl.||||| |||| 00| 0 por d
040 _aBR-BrBNA
_bpor
_cBiblioteca Nacional de Agricultura
041 _a(Por)
072 _aF30; H20
_b1123
_b4120
_b4150
090 _ 1123 BR0808903
100 1 _aMaia, T.E. de G.
110 1 _aUniversidade de Brasília, DF (Brasil). Faculdade de Agronomia e Medicina Veterinária
_0Tese (Mestre em Ciências Agrárias)
245 1 _aDesempenho agronômico e reação à verrugose e à virose do endurecimento dos frutos de genótipos de maracujazeiro-azedo cultivados no Distrito Federal
260 3 _aBrasília, DF (Brasil):
_c2008.
300 _a121 p.
500 _aSummaries (Eng, Por); Several bibliography; 8 illus.; 15 tables
650 _aMARACUJÁ
650 _aGENÓTIPO
650 _aFRUTO
650 _aVERRUGOSE
650 _aVIROSE VEGETAL
650 _aCARACTERÍSTICAS AGRONÔMICAS
650 _aPRODUTIVIDADE
650 _aVARIEDADE RESISTENTE
909 _a202309
_bLucia
_c55
_dLucia Elande
942 _cBK
999 _c72421
_d72421